Youth violence and juvenile justice (Record no. 76892)
[ view plain ]
| 000 -LEADER | |
|---|---|
| fixed length control field | 01611nam a2200397Ia 4500 |
| 082 04 - DEWEY DECIMAL CLASSIFICATION NUMBER | |
| Classification number | 364.36 |
| 245 00 - TITLE STATEMENT | |
| Title | Youth violence and juvenile justice |
| 260 ## - PUBLICATION, DISTRIBUTION, ETC. (IMPRINT) | |
| Place of publication | Hauppauge, NY : |
| Name of publisher | Nova Science Publisher's, |
| Year of publication | 2010. |
| 300 ## - PHYSICAL DESCRIPTION | |
| Number of Pages | xv, 353 p. |
| 490 0# - SERIES STATEMENT | |
| Series statement | Social issues, justice and status series |
| 650 #0 - SUBJECT ADDED ENTRY--TOPICAL TERM | |
| Topical Term | Youth and violence. |
| Topical Term | Youth and violence |
| Topical Term | Juvenile delinquency |
| Topical Term | Juvenile justice, Administration of. |
| Topical Term | Juvenile delinquents |
| Topical Term | Problem youth |
| 700 1# - ADDED ENTRY--PERSONAL NAME | |
| Personal name | Ramsay, Neil A. |
| Personal name | Morrison, Colin R. |
| 856 40 - ELECTRONIC LOCATION AND ACCESS | |
| Uniform Resource Identifier | http://site.ebrary.com/lib/rucke/Doc?id=10654803 |
No items available.
